000 00679nam a2200289Ia 4500
005 20260324122710.0
008 008 260324s9999 xx 000 0 eng d
020 _a9780203073544
037 _aEBOOK
040 _aCRL
040 _beng
040 _cCRL
041 _2eng
041 _aeng
084 _qCRL
100 _aSaeko Yazaki
_91167459
245 0 _aIslamic Mysticism and Abu Talib Al-Makki
245 4 _bThe Role of the Heart
260 _bTaylor and Francis
260 _c2012
365 _a
365 _b240
856 _uhttp://www.taylorfrancis.com/books/9780203073544
942 _cEBOOK
999 _c1760400
_d1760400